Engineering surveying (Record no. 87196)

MARC details
000 -LEADER
fixed length control field 00758cam a2200217 4500
001 - CONTROL NUMBER
control field ##D8687
008 - FIXED-LENGTH DATA ELEMENTS--GENERAL INFORMATION
fixed length control field 090401t1983 xxu||||| |||| 00| 0 eng d
035 ## - SYSTEM CONTROL NUMBER
System control number (Sirsi) u14605
041 0# - LANGUAGE CODE
Language code of text/sound track or separate title eng
050 04 - LIBRARY OF CONGRESS CALL NUMBER
Classification number 526.902462
100 1# - MAIN ENTRY--PERSONAL NAME
Personal name Shepherd, F. A.
245 00 - TITLE STATEMENT
Title Engineering surveying
Remainder of title problems and solutions
250 ## - EDITION STATEMENT
Edition statement 2nd ed.
260 ## - PUBLICATION, DISTRIBUTION, ETC.
Place of publication, distribution, etc. London
Name of publisher, distributor, etc. Edward Arnold
Date of publication, distribution, etc. 1983
300 ## - PHYSICAL DESCRIPTION
Extent ix, 370p.
Dimensions 24cm.
350 ## - PRICE (NR) (BK AM CF MU VM SE) [OBSOLETE]
Price 12.75
520 ## - SUMMARY, ETC.
Summary, etc. Complements "Advanced Engineering Surveying" (see D8682). Deals with the theory and mathematical practice of basic plane surveying as applied to construction and mining engineering projects.
690 ## - LOCAL SUBJECT ADDED ENTRY--TOPICAL TERM (OCLC, RLIN)
Topical term or geographic name as entry element ENVIRONMENTAL AND LAND CONSULTANCY-GEOMATICS-ENGINEERING SURVEYING
942 ## - ADDED ENTRY ELEMENTS (KOHA)
Suppress in OPAC 0
948 ## - LOCAL PROCESSING INFORMATION (OCLC); SERIES PART DESIGNATOR (RLIN)
c (OCLC) 04/03/1997
Holdings
Withdrawn status Lost status Source of classification or shelving scheme Damaged status Not for loan Home library Current library Shelving location Date acquired Cost, normal purchase price Total Checkouts Full call number Barcode Date last seen Copy number Cost, replacement price Price effective from Koha item type
    Dewey Decimal Classification     London London Basement 14/09/1999 12.75   SHELF 318 30016982 06/08/2019 1 12.75 06/08/2019 Book